000 00421nam a2200157 a 4500
001 33817
005 20180714001827.0
008 140415s1975 000 0 spa d
041 _aspa
082 _a860
_bVAL
100 1 _aVALLE INCLAN, RAMON DEL
245 1 0 _aFLOR DE SANTIDAD
260 _a[s.l.] :
_bPROMOTORA DE EDICIONES Y PUBLICACIONES,
_c1975
300 _a250
650 1 4 _aLITERATURA ESPAOLA
999 _c33817
_d33817